| 000 | 00439nam a22001817i 4500 | ||
|---|---|---|---|
| 001 | 3408 | ||
| 003 | OSt | ||
| 005 | 20170126082318.0 | ||
| 007 | tu | ||
| 008 | 161220s1997 xxu||||| |||| 00| 0 d | ||
| 024 | 7 |
_a3407 _2RID |
|
| 040 | _cOSt | ||
| 084 |
_a7.3 _2z |
||
| 245 | 0 | 0 | _aMicrosoft Word 97. Schritt für Schritt |
| 260 |
_aUnterschleißheim : _bMicrosoft Press, _c1997. |
||
| 300 |
_a374 S. : _bDiskette ; _c30cm. |
||
| 110 | 2 |
_aCatapult Inc. _eEd. |
|
| 942 | _cB | ||
| 999 |
_c3358 _d3358 |
||